书目信息 |
| 题名: |
数据分析从Excel到Power BI
|
|
| 作者: | 张煜 编著 | |
| 分册: | ||
| 出版信息: | 北京 北京大学出版社 2021 |
|
| 页数: | 303页 | |
| 开本: | 26cm | |
| 丛书名: | ||
| 单 册: | ||
| 中图分类: | TP317.3 , TP317 | |
| 科图分类: | ||
| 主题词: | 可视化软件--数据分析 | |
| 电子资源: | ||
| ISBN: | 978-7-301-32142-3 | |
| 000 | 01616nam0 2200253 450 | |
| 001 | 2252926340 | |
| 005 | 20220930144228.72 | |
| 010 | @a978-7-301-32142-3@dCNY99.00 | |
| 100 | @a20210701d2021 em y0chiy50 ea | |
| 101 | 0 | @achi |
| 102 | @aCN@b110000 | |
| 105 | @aa z 000yy | |
| 200 | 1 | @a数据分析从Excel到Power BI@9shu ju fen xi cong Exceldao Power BI@ePower BI商业数据分析思维、技术与实践@f张煜编著 |
| 210 | @a北京@c北京大学出版社@d2021 | |
| 215 | @a303页@c图@d26cm | |
| 314 | @a张煜,微软商业数据分析 (BI) 方向最有价值专家,现任职于AvePoint首席产品经理。 | |
| 330 | @a本书以Power BI数据分析软件为平台,将企业实际工作需求作为出发点,分别从思维、技术、实践这三方面,全面系统的讲解和分享了Power BI在企业日常数据分析场景的运用思维、实操技能以及综合管理应用的思路。本书分为三大部分。第1篇(第1-4章)以循序渐进的方式介绍企业数据分析的基本流程、常见模型以及应用案例。第2篇(第5-8章)主要介绍和讲解了企业数据分析人员必知必会的Power BI工具的操作技能、应用技巧及经验,内容包括各种实用工具的使用技能,常见问题的解决方法,以及各类函数和各种图表的作用及具体运用方法。通过这部分信息帮助商业数据分析人员精进、精通Power BI的核心技术。第3篇(第9-10章)则是主要介绍如何通过Power BI来制作数据分析报表,并结合常见的应用案例,综合前面篇章所讲的各种技能,讲解Power BI在企业日常数据分析工作中的实践应用,同时向读者分享了数据报表的管理思路与应用经验。 | |
| 517 | 1 | @aPower BI商业数据分析思维、技术与实践@9Power BIshang ye shu ju fen xi si wei 、ji shu yu shi jian |
| 606 | 0 | @a可视化软件@x数据分析 |
| 690 | @aTP317.3@v5 | |
| 690 | @aTP317@v4 | |
| 701 | 0 | @a张煜@9Zhang Yu@4编著 |
| 801 | 0 | @aCN@b91MARC@c20210808 |
| 905 | @aZUCC@dTP317@e127 | |
| 数据分析从Excel到Power BI:Power BI商业数据分析思维、技术与实践/张煜编著.-北京:北京大学出版社,2021 |
| 303页:图;26cm |
| ISBN 978-7-301-32142-3:CNY99.00 |
| 本书以Power BI数据分析软件为平台,将企业实际工作需求作为出发点,分别从思维、技术、实践这三方面,全面系统的讲解和分享了Power BI在企业日常数据分析场景的运用思维、实操技能以及综合管理应用的思路。本书分为三大部分。第1篇(第1-4章)以循序渐进的方式介绍企业数据分析的基本流程、常见模型以及应用案例。第2篇(第5-8章)主要介绍和讲解了企业数据分析人员必知必会的Power BI工具的操作技能、应用技巧及经验,内容包括各种实用工具的使用技能,常见问题的解决方法,以及各类函数和各种图表的作用及具体运用方法。通过这部分信息帮助商业数据分析人员精进、精通Power BI的核心技术。第3篇(第9-10章)则是主要介绍如何通过Power BI来制作数据分析报表,并结合常见的应用案例,综合前面篇章所讲的各种技能,讲解Power BI在企业日常数据分析工作中的实践应用,同时向读者分享了数据报表的管理思路与应用经验。 |
| ● |
| 相关链接 |
|
|
|
正题名:数据分析从Excel到Power BI
索取号:TP317/127
 
预约/预借
| 序号 | 登录号 | 条形码 | 馆藏地/架位号 | 状态 | 备注 |
| 1 | 2000908690 | 2000908690 | 第三书库/ [索取号:TP317/127] | 在馆 | |
| 2 | 2000908691 | 2000908691 | 第三书库/ [索取号:TP317/127] | 在馆 | |
| 3 | 2000908692 | 2000908692 | 第三书库/ [索取号:TP317/127] | 在馆 |